Закономерности распределения ртути в вертикальном профиле донных отложений слабопроточных водоемов Томского района; Проблемы геологии и освоения недр; Т. 1
| Parent link: | Проблемы геологии и освоения недр: труды XIX Международного симпозиума имени академика М. А. Усова студентов и молодых ученых, посвященного 70-летнему юбилею Победы советского народа над фашистской Германией, Томск, 6-10 апреля 2015 г./ Национальный исследовательский Томский политехнический университет (ТПУ), Институт природных ресурсов (ИПР) ; Общество инженеров-нефтяников, международная некоммерческая организация, Студенческий чаптер ; под ред. А. Ю. Дмитриева.— , 2015 Т. 1.— [С. 636-637] |
|---|---|
| Autore principale: | |
| Ente Autore: | |
| Altri autori: | |
| Riassunto: | Заглавие с экрана |
| Lingua: | russo |
| Pubblicazione: |
|
| Serie: | Геоэкология, охрана и защита окружающей среды. Геоинформационные системы в геоэкологии |
| Soggetti: | |
| Accesso online: | http://earchive.tpu.ru/handle/11683/22726 http://www.lib.tpu.ru/fulltext/c/2015/C11/V1/297.pdf |
| Natura: | MixedMaterials Elettronico Capitolo di libro |
| KOHA link: | https://koha.lib.tpu.ru/cgi-bin/koha/opac-detail.pl?biblionumber=615046 |
MARC
| LEADER | 00000naa2a2200000 4500 | ||
|---|---|---|---|
| 001 | 615046 | ||
| 005 | 20231101132835.0 | ||
| 035 | |a (RuTPU)RU\TPU\conf\13223 | ||
| 035 | |a RU\TPU\conf\13222 | ||
| 090 | |a 615046 | ||
| 100 | |a 20151022d2015 k y0rusy50 ca | ||
| 101 | 0 | |a rus | |
| 102 | |a RU | ||
| 105 | |a y z 100zy | ||
| 135 | |a drcn ---uucaa | ||
| 181 | 0 | |a i | |
| 182 | 0 | |a b | |
| 200 | 1 | |a Закономерности распределения ртути в вертикальном профиле донных отложений слабопроточных водоемов Томского района |f М. Э. Мартыненков |g науч. рук. А. Ю. Иванов | |
| 203 | |a Текст |c электронный | ||
| 225 | 1 | |a Геоэкология, охрана и защита окружающей среды. Геоинформационные системы в геоэкологии | |
| 230 | |a 1 компьютерный файл (pdf; 422 Kb) | ||
| 300 | |a Заглавие с экрана | ||
| 320 | |a [Библиогр.: с. 637 (3 назв.)] | ||
| 337 | |a Adobe Reader | ||
| 461 | 1 | |0 (RuTPU)RU\TPU\conf\12865 |t Проблемы геологии и освоения недр |o труды XIX Международного симпозиума имени академика М. А. Усова студентов и молодых ученых, посвященного 70-летнему юбилею Победы советского народа над фашистской Германией, Томск, 6-10 апреля 2015 г. |o в 2 т. |f Национальный исследовательский Томский политехнический университет (ТПУ), Институт природных ресурсов (ИПР) ; Общество инженеров-нефтяников, международная некоммерческая организация, Студенческий чаптер ; под ред. А. Ю. Дмитриева |d 2015 | |
| 463 | 1 | |0 (RuTPU)RU\TPU\conf\12868 |t Т. 1 |v [С. 636-637] | |
| 610 | 1 | |a труды учёных ТПУ | |
| 610 | 1 | |a электронный ресурс | |
| 610 | 1 | |a закономерности | |
| 610 | 1 | |a ртуть | |
| 610 | 1 | |a вертикальные профили | |
| 610 | 1 | |a донные отложения | |
| 610 | 1 | |a водоемы | |
| 610 | 1 | |a Томская область | |
| 700 | 1 | |a Мартыненков |b М. Э. | |
| 702 | 1 | |a Иванов |b А. Ю. |c российский ученый, специалист в области геохимии и геоэкологии |c инженер Томского политехнического университета |f 1983- |g Андрей Юрьевич |2 stltpush |4 727 | |
| 712 | 0 | 2 | |a Национальный исследовательский Томский политехнический университет (ТПУ) |b Институт природных ресурсов (ИПР) |b Кафедра геоэкологии и геохимии (ГЭГХ) |h 259 |2 stltpush |3 (RuTPU)RU\TPU\col\18658 |
| 801 | 2 | |a RU |b 63413507 |c 20210118 |g RCR | |
| 856 | 4 | |u http://earchive.tpu.ru/handle/11683/22726 | |
| 856 | 4 | |u http://www.lib.tpu.ru/fulltext/c/2015/C11/V1/297.pdf | |
| 942 | |c BK | ||